Note sur l'existence d'anciens glaciers dans la Vallée du Mondégo / (Record no. 160617)

MARC details
000 -LEADER
campo de control de longitud fija 00928nam a2200205 i 4500
001 - NÚMERO DE CONTROL
campo de control 160617
003 - IDENTIFICADOR DE NÚMERO DE CONTROL
campo de control ES-MaACL
005 - FECHA Y HORA DE LA ÚLTIMA TRANSACCIÓN
campo de control 20250805063307.0
008 - DATOS DE LONGITUD FIJA--INFORMACIÓN GENERAL
campo de control de longitud fija 040930s1895 po afo |||| | fre d
100 1# - ENTRADA PRINCIPAL--NOMBRE DE PERSONA
Nombre de persona Delgado, Joaquim Filipe Nery,
Fechas asociadas al nombre 1835-1908
9 (RLIN) 43410
245 10 - MENCIÓN DEL TÍTULO
Título Note sur l'existence d'anciens glaciers dans la Vallée du Mondégo /
Mención de responsabilidad, etc. par J.F. Nery Delgado.
260 ## - PUBLICACIÓN, DISTRIBUCIÓN, ETC.
Lugar de publicación, distribución, etc. Lisbonne :
Nombre del editor, distribuidor, etc. [s.n.],
Fecha de publicación, distribución, etc. 1895 (
Fabricante Imp. de l'Académie Royale des Sciences)
300 ## - DESCRIPCIÓN FÍSICA
Extensión 28, [2] p., [1] h. fot., [1] h. lám. ;
Dimensiones 25 cm.
500 ## - NOTA GENERAL
Nota general Datos tomados de cub.
595 ## -
-- Extrait des Communicações dos trabalhos geologicos, T. III, fasc. 1.
650 04 - PUNTO DE ACCESO ADICIONAL DE MATERIA--TÉRMINO DE MATERIA
Término de materia o nombre geográfico como elemento de entrada Glaciares-
Subdivisión geográfica Portugal.
9 (RLIN) 136190
710 2# - ENTRADA AGREGADA--NOMBRE DE ENTIDAD CORPORATIVA
Nombre de entidad corporativa o nombre de jurisdicción como elemento de entrada Academia das Ciências de Lisboa.
9 (RLIN) 1159
852 ## - LOCALIZACIÓN
Ubicación ES-MaACL
Número de control de estantería T-1108-F-4
Nota libre - Enc. hol., conservando cub. original
-- . - Legado de Federico de Botella y de Hornos
-- - Enc. en un vol. facticio
Holdings
Estatus retirado Estado de pérdida Estado de daño No para préstamo Colección Biblioteca de origen Biblioteca actual Ubicación en estantería Fecha de adquisición Total de préstamos Signatura topográfica completa Código de barras Visto por última vez Precio de reemplazo Tipo de ítem Koha
        Colección de folletos Biblioteca del Ateneo de Madrid Biblioteca del Ateneo de Madrid Depósito folletos 17/01/2008   T-1108-F-4 1168178 23/02/2023 23/02/2023 Folleto